000 00710nam a2200229 i 4500
001 bg
100 1 _aKWAŚNICKI, Witold
245 1 0 _aKnowledge, innovation and economy :
_ban evolutionary exploration /
_cWitold Kwaśnicki.
260 _aWrocław :
_bOficyna Wydaw. Politechniki Wrocławskiej,
_c1994.
300 _a229 s. :
_bwykr. ;
_c24 cm.
504 _aBibliogr. s.211-220. - Indeks.
650 9 _aInnowacje
_xgospodarka
_xteoria
650 9 _aEwolucja
_xteoria
_xzagadnienia
650 9 _aEkonomia polityczna
_xteoria
020 _a8370850898
040 _cBPK
041 _apol
080 _a330.1:001.894
920 _a83-7085-089-8
942 _cKS
008 s pl f |000 0 pol
999 _c30547
_d30547
856 _uhttp://koha.tu.koszalin.pl/cgi-bin/koha/opac-detail.pl?biblionumber=30547
_yKatalog online BPK